| 000 | 00417nam a2200157Ia 4500 | ||
|---|---|---|---|
| 003 | LK-CoDNM | ||
| 008 | 010623t2010 xxu||||| |||| 00| 1 eng d | ||
| 040 |
_aLK-CoDNM _dLK-CoDNM _eLK-CoDNM |
||
| 041 | _aeng | ||
| 080 | _a294.3 DHA | ||
| 100 | _aDhammapala,Yatagama | ||
| 245 | _aDoctrine Of The Buddha And Proctical Pali | ||
| 260 |
_b _aDepartment Of Buddhist Affairs _c2010 |
||
| 300 | _b188, 21 cm | ||
| 942 | _cBK | ||
| 999 |
_c129412 _d129412 |
||